Alcanzando las metas educativas
Guardat en:
| Autor corporatiu: | |
|---|---|
| Format: | Llibre |
| Idioma: | espanyol |
| Publicat: |
Santiago
Unesco
2003
|
| Matèries: | |
| Etiquetes: |
Afegir etiqueta
Sense etiquetes, Sigues el primer a etiquetar aquest registre!
|
MARC
| LEADER | 00000nam a2200000 a 4500 | ||
|---|---|---|---|
| 001 | UCH9740 | ||
| 003 | CL-VaPUC | ||
| 008 | 100121e20030000CL |||||||||||||||||spa|d | ||
| 020 | |a 9568302018 | ||
| 082 | 0 | 4 | |a 371.272 |b PRO |2 21 |
| 110 | 2 | |a Proyecto Regional de Indicadores Educativos |e author |9 546994 | |
| 245 | 1 | 0 | |a Alcanzando las metas educativas |
| 300 | |a 75 p | ||
| 942 | |c BK | ||
| 945 | |d 20100121 00:00:00 |a rbrito | ||
| 260 | |a Santiago |b Unesco |c 2003 | ||
| 650 | 7 | |a EVALUACION DE LA CALIDAD DE LA EDUCACION |2 CL-VaPUC |9 546995 | |
| 650 | 0 | |a Calidad de la educación |9 307271 | |
| 650 | 0 | |a Educación básica |9 224933 | |
| 583 | |a last modification |c 20100121 00:00:00 |k Rodrigo Vera | ||
| 999 | |c 339632 |d 339630 | ||
| 952 | |0 0 |1 0 |4 0 |6 371_272000000000000_PRO_2003 |7 0 |8 A |9 433393 |a BIBEDU |b BIBEDU |d 2019-11-22 |i 4636708 |o 371.272 PRO 2003 |p 4636708 |r 2019-11-22 |w 2019-11-22 |y BK |k EPE | ||
| 952 | |0 0 |1 0 |4 0 |6 371_272000000000000_PRO_2003 |7 0 |8 A |9 433394 |a BIBEDU |b BIBEDU |d 2019-11-22 |i 4636716 |o 371.272 PRO 2003 |p 4636716 |r 2019-11-22 |w 2019-11-22 |y BK |k EPE | ||
| 952 | |0 0 |1 0 |4 0 |6 371_272000000000000_PRO_2003 |7 0 |8 A |9 433395 |a BIBEDU |b BIBEDU |d 2019-11-22 |i 4636724 |o 371.272 PRO 2003 |p 4636724 |r 2019-11-22 |w 2019-11-22 |y BK |k EPE | ||
| 952 | |0 0 |1 0 |4 0 |6 371_272000000000000_PRO_2003 |7 0 |8 A |9 433396 |a BIBEDU |b BIBEDU |d 2019-11-22 |i 4636732 |o 371.272 PRO 2003 |p 4636732 |r 2019-11-22 |w 2019-11-22 |y BK |k EPE | ||